[Event "43. Olimpiada Batumi 2018 Femenina"]
[Site "Batumi GEO"]
[Date "2018.09.25"]
[Round "2.3"]
[White "Koljevic, Nikolina"]
[Black "Petrova, Kristyna"]
[Result "1/2-1/2"]
[WhiteElo "1898"]
[BlackElo "2248"]
[PlyCount "70"]
[EventDate "2018.09.24"]
[EventType "team-swiss"]
[EventRounds "11"]
[EventCountry "GEO"]
[SourceTitle "Ajedrez en Madrid"]
[Source "lmi"]
[SourceDate "2018.09.24"]
[WhiteTeam "Montenegro"]
[BlackTeam "Czech Republic"]
[WhiteTeamCountry "MNE"]
[BlackTeamCountry "CZE"]

1. e4 c5 2. Nf3 e6 3. d4 cxd4 4. Nxd4 Nc6 5. Nc3 Qc7 6. Be3 a6 7. Qf3 Bd6 8.
O-O-O Be5 9. Nxc6 bxc6 10. Bd4 Bxd4 11. Rxd4 d5 12. exd5 cxd5 13. Qg3 Qxg3 14.
hxg3 Nf6 15. Be2 h6 16. Bf3 O-O 17. Re1 Bd7 18. Na4 Ra7 19. Nc5 a5 20. Nxd7
Nxd7 21. Be2 Rc8 22. Kb1 Nb6 23. Bf1 Kf8 24. Re3 Ke7 25. Rb3 Rc6 26. Bb5 Rc5
27. Be2 Nd7 28. Rb5 Rxb5 29. Bxb5 Nb6 30. Rd3 Nc8 31. Rc3 Nd6 32. Bd3 e5 33.
Rc5 Ke6 34. Rc6 Kd7 35. Rc5 Ke6 1/2-1/2

[Event "43. Olimpiada Batumi 2018 Femenina"]
[Site "Batumi GEO"]
[Date "2018.09.25"]
[Round "2.4"]
[White "Sikorova, Olga"]
[Black "Rakic, Tijana"]
[Result "1-0"]
[WhiteElo "2276"]
[BlackElo "1651"]
[PlyCount "109"]
[EventDate "2018.09.24"]
[EventType "team-swiss"]
[EventRounds "11"]
[EventCountry "GEO"]
[SourceTitle "Ajedrez en Madrid"]
[Source "lmi"]
[SourceDate "2018.09.24"]
[WhiteTeam "Czech Republic"]
[BlackTeam "Montenegro"]
[WhiteTeamCountry "CZE"]
[BlackTeamCountry "MNE"]

1. c4 c5 2. g3 g6 3. Bg2 Bg7 4. Nc3 Nc6 5. Nf3 e5 6. O-O Nge7 7. Ne1 O-O 8. Nc2
d6 9. Ne3 Nd4 10. d3 Rb8 11. a4 Nec6 12. Ned5 Na5 13. Ra3 Bf5 14. h3 h5 15. e3
Ndc6 16. Na2 Qd7 17. Kh2 Ne7 18. Nxe7+ Qxe7 19. b4 cxb4 20. Nxb4 e4 21. Nd5 Qe5
22. Bd2 Nc6 23. Bc3 Qe6 24. Qa1 Bxc3 25. Qxc3 Qe5 26. Nf6+ Kh8 27. Bxe4 Qxc3
28. Rxc3 Be6 29. Rb1 Rfc8 30. Nd5 Ne5 31. Rcb3 Bxd5 32. Bxd5 Rc7 33. a5 Kg7 34.
Kg2 a6 35. Kf1 Nd7 36. Rxb7 Rcxb7 37. Rxb7 Rxb7 38. Bxb7 Nc5 39. Bc8 Nb3 40.
Bxa6 Nxa5 41. Ke2 Kf6 42. d4 Ke6 43. Kd2 Kf5 44. Bc8+ Ke4 45. Ke2 Nxc4 46. Bb7+
Kf5 47. Bd5 Nb6 48. Bxf7 d5 49. f3 Kf6 50. Be8 Nc8 51. e4 dxe4 52. fxe4 Ne7 53.
Ke3 Ke6 54. Kf4 Kf6 55. h4 1-0

[Event "43. Olimpiada Batumi 2018 Femenina"]
[Site "Batumi GEO"]
[Date "2018.09.25"]
[Round "2.1"]
[White "Nazarova, Anastasia"]
[Black "Khademalsharieh, Sarasadat"]
[Result "0-1"]
[WhiteElo "2029"]
[BlackElo "2431"]
[PlyCount "162"]
[EventDate "2018.09.24"]
[EventType "team-swiss"]
[EventRounds "11"]
[EventCountry "GEO"]
[SourceTitle "Ajedrez en Madrid"]
[Source "lmi"]
[SourceDate "2018.09.24"]
[WhiteTeam "Finland"]
[BlackTeam "Iran"]
[WhiteTeamCountry "FIN"]
[BlackTeamCountry "IRI"]

1. e4 e5 2. Nf3 Nc6 3. Bb5 g6 4. c3 Bg7 5. O-O a6 6. Ba4 d6 7. d4 Bd7 8. Bg5 f6
9. Be3 Nh6 10. dxe5 fxe5 11. Bg5 Qc8 12. Qd5 Nf7 13. Bb3 O-O 14. Nbd2 Kh8 15.
Be3 Ncd8 16. Qd3 Ne6 17. Rad1 Nf4 18. Bxf4 exf4 19. Rfe1 Qe8 20. Bd5 Rb8 21.
Qc4 Bc6 22. Nb3 Qd7 23. Nbd4 Bb5 24. Nxb5 axb5 25. Qd3 Ne5 26. Nxe5 Bxe5 27. f3
g5 28. h3 h5 29. Bb3 Rf6 30. Kf1 c6 31. Ke2 Kg7 32. Kd2 Qc7 33. Kc2 Qb6 34. Kb1
b4 35. c4 Rh8 36. Qe2 Rg6 37. Rc1 Qc5 38. Rh1 Kf6 39. Rcf1 Rhg8 40. Qf2 Bd4 41.
Qd2 Ke7 42. Qd3 Be5 43. Rd1 Kd8 44. Rd2 Kc7 45. Bd1 Qa5 46. Bb3 R8g7 47. Bd1
Qc5 48. Be2 Rg8 49. Bd1 Ra8 50. Qe2 Qa5 51. Bb3 Qc5 52. Bd1 Rg7 53. Qd3 Rgg8
54. Bb3 g4 55. hxg4 hxg4 56. fxg4 Rxg4 57. Bd1 Rgg8 58. Bf3 Ra5 59. Rh7+ Kb6
60. Bd1 Rga8 61. Bb3 Qg1+ 62. Rd1 Qxg2 63. Rd2 Qg3 64. Rh3 Qg1+ 65. Rd1 Qg7 66.
Qd2 c5 67. Rdh1 Qc7 68. Rh7 Qc6 69. Qd3 Rg8 70. Re1 Raa8 71. Qc2 f3 72. Rd1 Rg2
73. Rd2 Rxd2 74. Qxd2 Qxe4+ 75. Bc2 Qxc4 76. b3 Rxa2 77. Qxd6+ Bxd6 78. bxc4 f2
79. Rf7 b3 80. Be4 Be5 81. Rxb7+ Ka6 0-1

[Event "43. Olimpiada Batumi 2018 Femenina"]
[Site "Batumi GEO"]
[Date "2018.09.25"]
[Round "2.2"]
[White "Hejazipour, Mitra"]
[Black "Puuska, Heini"]
[Result "1/2-1/2"]
[WhiteElo "2254"]
[BlackElo "1961"]
[PlyCount "103"]
[EventDate "2018.09.24"]
[EventType "team-swiss"]
[EventRounds "11"]
[EventCountry "GEO"]
[SourceTitle "Ajedrez en Madrid"]
[Source "lmi"]
[SourceDate "2018.09.24"]
[WhiteTeam "Iran"]
[BlackTeam "Finland"]
[WhiteTeamCountry "IRI"]
[BlackTeamCountry "FIN"]

1. d4 Nf6 2. Nf3 e6 3. c4 d5 4. Nc3 Be7 5. Bg5 h6 6. Bh4 O-O 7. e3 b6 8. Rc1
Bb7 9. Bd3 Nbd7 10. cxd5 exd5 11. O-O c5 12. Bf5 g6 13. Bxd7 Qxd7 14. dxc5 bxc5
15. Bxf6 Bxf6 16. Ne4 Qe7 17. Nxf6+ Qxf6 18. Rxc5 Qxb2 19. Qb1 Qxb1 20. Rxb1
Rfc8 21. Ra5 Rc6 22. Nd4 Rb6 23. Rc1 a6 24. h4 Re8 25. Rac5 Re7 26. a4 Kg7 27.
a5 Rb2 28. Rc7 Rxc7 29. Rxc7 Rb1+ 30. Kh2 Ba8 31. Rc8 Bb7 32. Rc7 Rb4 33. Ne6+
Kf6 34. Nd8 Ba8 35. f4 Kf5 36. Rxf7+ Kg4 37. Ra7 d4 38. Rxa8 dxe3 39. Nc6 Re4
40. Nd4 Rxd4 41. Re8 Kxf4 42. Rf8+ Ke4 43. Kg3 Kd3 44. Kf3 Rxh4 45. Re8 Rh5 46.
Rxe3+ Kc4 47. Re6 Kb5 48. Rxg6 Kxa5 49. g4 Rh1 50. Kg2 Rh4 51. Kg3 Rh1 52. Kg2
1/2-1/2

[Event "43. Olimpiada Batumi 2018 Femenina"]
[Site "Batumi GEO"]
[Date "2018.09.25"]
[Round "2.3"]
[White "Dannenberg, Alia"]
[Black "Alinasab, Mobina"]
[Result "0-1"]
[WhiteElo "1926"]
[BlackElo "2261"]
[PlyCount "65"]
[EventDate "2018.09.24"]
[EventType "team-swiss"]
[EventRounds "11"]
[EventCountry "GEO"]
[SourceTitle "Ajedrez en Madrid"]
[Source "lmi"]
[SourceDate "2018.09.24"]
[WhiteTeam "Finland"]
[BlackTeam "Iran"]
[WhiteTeamCountry "FIN"]
[BlackTeamCountry "IRI"]

1. e4 e6 2. d3 d5 3. Nd2 Nf6 4. Ngf3 b6 5. g3 Bb7 6. Qe2 c5 7. Bg2 Be7 8. O-O
Nc6 9. c3 Qc7 10. Rd1 O-O 11. e5 Nd7 12. Re1 Rfe8 13. Nf1 f6 14. Bf4 fxe5 15.
Nxe5 Ndxe5 16. Bxe5 Nxe5 17. Qxe5 Qxe5 18. Rxe5 Bf6 19. Re2 Rad8 20. Rae1 Ba6
21. Rxe6 Rxe6 22. Rxe6 Bxd3 23. Nd2 d4 24. c4 Bf5 25. Re1 d3 26. b3 Bc3 27. Rd1
Re8 28. Nf1 Kf8 29. Ne3 d2 30. Bf3 Bh3 31. a3 g6 32. g4 Kg7 33. Rb1 0-1

[Event "43. Olimpiada Batumi 2018 Femenina"]
[Site "Batumi GEO"]
[Date "2018.09.25"]
[Round "2.4"]
[White "Asadi, Motahare"]
[Black "Norlamo, Sarabella"]
[Result "1-0"]
[WhiteElo "2135"]
[BlackElo "1874"]
[PlyCount "67"]
[EventDate "2018.09.24"]
[EventType "team-swiss"]
[EventRounds "11"]
[EventCountry "GEO"]
[SourceTitle "Ajedrez en Madrid"]
[Source "lmi"]
[SourceDate "2018.09.24"]
[WhiteTeam "Iran"]
[BlackTeam "Finland"]
[WhiteTeamCountry "IRI"]
[BlackTeamCountry "FIN"]

1. e4 e5 2. Nf3 Nc6 3. Nc3 g6 4. d4 exd4 5. Nxd4 Bg7 6. Be3 Nge7 7. Be2 O-O 8.
O-O d6 9. Qd2 Nxd4 10. Bxd4 Bxd4 11. Qxd4 Nc6 12. Qd2 Be6 13. f4 Qf6 14. f5 Bd7
15. Rad1 Ne7 16. fxg6 Qxg6 17. Rf3 Kh8 18. e5 d5 19. Rdf1 Rad8 20. Rg3 Qe6 21.
Rg5 Qb6+ 22. Kh1 Be6 23. Qf4 Bf5 24. Rxf5 Nxf5 25. Qxf5 Qg6 26. Qh3 Qe6 27. Qh5
Qg6 28. Qh4 c6 29. Bd3 Qg7 30. Rf3 f6 31. exf6 Qf7 32. Rg3 Rg8 33. Rg7 Rxg7 34.
fxg7+ 1-0

[Event "43. Olimpiada Batumi 2018 Femenina"]
[Site "Batumi GEO"]
[Date "2018.09.25"]
[Round "2.2"]
[White "Goryachkina, Aleksandra"]
[Black "Kurbonboeva, Sarvinoz"]
[Result "1/2-1/2"]
[WhiteElo "2535"]
[BlackElo "2202"]
[PlyCount "123"]
[EventDate "2018.09.24"]
[EventType "team-swiss"]
[EventRounds "11"]
[EventCountry "GEO"]
[SourceTitle "Ajedrez en Madrid"]
[Source "lmi"]
[SourceDate "2018.09.24"]
[WhiteTeam "Russia"]
[BlackTeam "Uzbekistan"]
[WhiteTeamCountry "RUS"]
[BlackTeamCountry "UZB"]

1. d4 d5 2. c4 c6 3. cxd5 cxd5 4. Bf4 Nc6 5. e3 Nf6 6. Nc3 Bf5 7. Nf3 e6 8. Qb3
Bb4 9. Ne5 Qe7 10. Bb5 Rc8 11. Nxc6 bxc6 12. Ba6 Rd8 13. a3 Bd6 14. Qb7 Qxb7
15. Bxb7 Kd7 16. Bxd6 Kxd6 17. Ba6 Bc2 18. b4 Rb8 19. Kd2 Bf5 20. f3 e5 21.
dxe5+ Kxe5 22. Na4 Kd6 23. Rhc1 Bc8 24. Bd3 a5 25. Rab1 axb4 26. axb4 Ra8 27.
Nc5 Nd7 28. Nb3 Ba6 29. Na5 Bxd3 30. Kxd3 Ra6 31. Nb7+ Ke6 32. Ra1 Rb6 33. Nc5+
Nxc5+ 34. bxc5 Rb3+ 35. Rc3 Rb7 36. Ra6 Kd7 37. Rca3 Rhb8 38. Ra7 Ke6 39. R7a6
Kd7 40. Ra7 Ke6 41. Rxb7 Rxb7 42. Ra6 Kd7 43. g4 g5 44. Kd4 f6 45. Ra4 Rb1 46.
Ra7+ Ke6 47. Rxh7 Rd1+ 48. Kc3 Rc1+ 49. Kd3 Rxc5 50. h4 gxh4 51. Rxh4 Rc1 52.
Rh6 Ke7 53. Rh7+ Ke6 54. Kd2 Rg1 55. Rc7 Kd6 56. Rf7 Ke6 57. Rc7 Kd6 58. Rf7
Ke6 59. Ra7 c5 60. Ra6+ Ke7 61. Ra7+ Ke6 62. Ra6+ 1/2-1/2

[Event "43. Olimpiada Batumi 2018 Femenina"]
[Site "Batumi GEO"]
[Date "2018.09.25"]
[Round "2.3"]
[White "Gevorgyan, Irina"]
[Black "Gunina, Valentina"]
[Result "1/2-1/2"]
[WhiteElo "2265"]
[BlackElo "2528"]
[PlyCount "95"]
[EventDate "2018.09.24"]
[EventType "team-swiss"]
[EventRounds "11"]
[EventCountry "GEO"]
[SourceTitle "Ajedrez en Madrid"]
[Source "lmi"]
[SourceDate "2018.09.24"]
[WhiteTeam "Uzbekistan"]
[BlackTeam "Russia"]
[WhiteTeamCountry "UZB"]
[BlackTeamCountry "RUS"]

1. Nf3 d5 2. c4 e6 3. e3 Nf6 4. b3 Bd6 5. Bb2 O-O 6. Be2 Qe7 7. Nc3 dxc4 8.
Bxc4 a6 9. Qc2 h6 10. d4 b5 11. Bd3 Bb7 12. e4 Nh5 13. e5 Bb4 14. Be4 c5 15.
Bxb7 Qxb7 16. O-O cxd4 17. Ne2 Nd7 18. Rad1 Rac8 19. Qd3 Rfd8 20. Qxd4 Bf8 21.
Qh4 g6 22. Rd2 Re8 23. Bd4 Be7 24. Qg4 Bb4 25. Rd3 Rc2 26. Be3 Bf8 27. Rfd1 Nb6
28. R3d2 Rec8 29. Ned4 Rxd2 30. Bxd2 Nd5 31. Nh4 Bg7 32. Qe4 Qe7 33. Nhf3 Qd8
34. Re1 Bf8 35. g4 Ng7 36. Bxh6 Qa5 37. Rf1 Qxa2 38. Ng5 Rc3 39. Bxg7 Bxg7 40.
Ndxe6 Qxb3 41. Nxf7 Kxf7 42. Ng5+ Kg8 43. Qxg6 Ne7 44. Qe8+ Bf8 45. Qh5 Bg7 46.
Qe8+ Bf8 47. Qh5 Bg7 48. Qe8+ 1/2-1/2

[Event "43. Olimpiada Batumi 2018 Femenina"]
[Site "Batumi GEO"]
[Date "2018.09.25"]
[Round "2.4"]
[White "Pogonina, Natalija"]
[Black "Nadirjanova, Nodira"]
[Result "0-1"]
[WhiteElo "2469"]
[BlackElo "2167"]
[PlyCount "116"]
[EventDate "2018.09.24"]
[EventType "team-swiss"]
[EventRounds "11"]
[EventCountry "GEO"]
[SourceTitle "Ajedrez en Madrid"]
[Source "lmi"]
[SourceDate "2018.09.24"]
[WhiteTeam "Russia"]
[BlackTeam "Uzbekistan"]
[WhiteTeamCountry "RUS"]
[BlackTeamCountry "UZB"]

1. d4 d5 2. c4 c6 3. Nf3 Nf6 4. e3 Bg4 5. h3 Bxf3 6. Qxf3 e6 7. Nc3 Nbd7 8. Bd3
Bd6 9. O-O O-O 10. e4 dxe4 11. Nxe4 Nxe4 12. Qxe4 g6 13. Bh6 Re8 14. Rad1 Qa5
15. a3 Bf8 16. Bxf8 Kxf8 17. Bc2 Kg7 18. Rfe1 Rad8 19. Qf3 Qc7 20. b4 Nf6 21.
Qc3 Re7 22. Re3 Red7 23. Qa1 b5 24. Re5 Rxd4 25. Rc5 Rxc4 26. Rxc4 bxc4 27. Qc3
Rxd1+ 28. Bxd1 Qf4 29. Bf3 e5 30. Bxc6 Ne4 31. Qe3 Nd2 32. Qxa7 c3 33. Ba4 Qd4
34. Qxd4 exd4 35. Bc2 Nc4 36. b5 Kf6 37. Kf1 Ke5 38. b6 Kd6 39. Ke2 Nxb6 40.
Kd3 Kc5 41. Bb3 Nd7 42. f4 f6 43. g3 Nb8 44. Bg8 h6 45. Bf7 g5 46. Be6 Na6 47.
Bb3 Nc7 48. fxg5 fxg5 49. Ke4 Nb5 50. a4 Nd6+ 51. Kd3 Nb7 52. Bd1 Na5 53. Kc2
Kb4 54. Kd3 Nc6 55. h4 g4 56. Ke4 Kc4 57. Bc2 Nb4 58. a5 d3 0-1

[Event "43. Olimpiada Batumi 2018 Femenina"]
[Site "Batumi GEO"]
[Date "2018.09.25"]
[Round "2.1"]
[White "Shen, Yang"]
[Black "Castrillon Gomez, Melissa"]
[Result "1/2-1/2"]
[WhiteElo "2464"]
[BlackElo "2248"]
[PlyCount "65"]
[EventDate "2018.09.24"]
[EventType "team-swiss"]
[EventRounds "11"]
[EventCountry "GEO"]
[SourceTitle "Ajedrez en Madrid"]
[Source "lmi"]
[SourceDate "2018.09.24"]
[WhiteTeam "China"]
[BlackTeam "Colombia"]
[WhiteTeamCountry "CHN"]
[BlackTeamCountry "COL"]

1. d4 Nf6 2. c4 c5 3. d5 b5 4. cxb5 a6 5. bxa6 g6 6. Nc3 Bg7 7. Nf3 O-O 8. e4
Qa5 9. Nd2 Bxa6 10. Bxa6 Qxa6 11. a4 Ra7 12. Qe2 d6 13. Nb5 Rb7 14. O-O Ne8 15.
Re1 Nc7 16. Nxc7 Rxc7 17. Ra3 Rb7 18. Nc4 Nd7 19. Bg5 Nb6 20. b3 h6 21. Bd2
Nxc4 22. Qxc4 Qxc4 23. bxc4 Rb2 24. Rd1 Rfb8 25. Kf1 Rc2 26. a5 Rbb2 27. Ke2
Bc3 28. Kd3 Bxd2 29. a6 Ra2 30. Ra1 Rc3+ 31. Rxc3 Rxa1 32. Kxd2 Rxa6 33. Ke3
1/2-1/2

[Event "43. Olimpiada Batumi 2018 Femenina"]
[Site "Batumi GEO"]
[Date "2018.09.25"]
[Round "2.2"]
[White "Franco Valencia, Beatriz Irene"]
[Black "Huang, Qian"]
[Result "0-1"]
[WhiteElo "2191"]
[BlackElo "2446"]
[PlyCount "60"]
[EventDate "2018.09.24"]
[EventType "team-swiss"]
[EventRounds "11"]
[EventCountry "GEO"]
[SourceTitle "Ajedrez en Madrid"]
[Source "lmi"]
[SourceDate "2018.09.24"]
[WhiteTeam "Colombia"]
[BlackTeam "China"]
[WhiteTeamCountry "COL"]
[BlackTeamCountry "CHN"]

1. d4 d6 2. Nf3 g6 3. c4 Bg7 4. Nc3 e5 5. g3 exd4 6. Nxd4 Ne7 7. Bg2 Nbc6 8.
Nxc6 Nxc6 9. Nd5 O-O 10. O-O Ne5 11. Qc2 c6 12. Nf4 Bf5 13. e4 Bg4 14. f3 Bd7
15. Be3 f5 16. exf5 Bxf5 17. Qb3 Kh8 18. Rad1 Qe7 19. Bd4 Qf7 20. c5 Qxb3 21.
axb3 d5 22. Bc3 Rfe8 23. Rd2 b6 24. Bd4 bxc5 25. Bxc5 Rab8 26. Ne2 Rxb3 27. Nd4
Rd3 28. Re2 Rxd4 29. f4 Bd3 30. Rxe5 Bxe5 0-1

[Event "43. Olimpiada Batumi 2018 Femenina"]
[Site "Batumi GEO"]
[Date "2018.09.25"]
[Round "2.3"]
[White "Lei, Tingjie"]
[Black "Rivera, Ingris"]
[Result "1-0"]
[WhiteElo "2468"]
[BlackElo "2227"]
[PlyCount "63"]
[EventDate "2018.09.24"]
[EventType "team-swiss"]
[EventRounds "11"]
[EventCountry "GEO"]
[SourceTitle "Ajedrez en Madrid"]
[Source "lmi"]
[SourceDate "2018.09.24"]
[WhiteTeam "China"]
[BlackTeam "Colombia"]
[WhiteTeamCountry "CHN"]
[BlackTeamCountry "COL"]

1. d4 Nf6 2. c4 g6 3. Nc3 Bg7 4. e4 d6 5. f3 O-O 6. Be3 c5 7. Nge2 Nc6 8. d5
Ne5 9. Ng3 h5 10. Be2 h4 11. Nf1 h3 12. gxh3 Bxh3 13. Rg1 Qc8 14. Qd2 a6 15.
O-O-O b5 16. Bh6 bxc4 17. Bxg7 Kxg7 18. Ne3 Rh8 19. f4 Nd3+ 20. Bxd3 cxd3 21.
Qxd3 Kf8 22. e5 Ng4 23. exd6 exd6 24. Ne4 Nxe3 25. Qxe3 Qd8 26. Qc3 Qh4 27. Rd2
Rd8 28. Ng5 Rh5 29. Qf6 Rd7 30. Rg3 Bf5 31. Re3 Qg4 32. Rde2 1-0

[Event "43. Olimpiada Batumi 2018 Femenina"]
[Site "Batumi GEO"]
[Date "2018.09.25"]
[Round "2.4"]
[White "Rodriguez Rueda, Paula Andrea"]
[Black "Zhai, Mo"]
[Result "1/2-1/2"]
[WhiteElo "2298"]
[BlackElo "2351"]
[PlyCount "61"]
[EventDate "2018.09.24"]
[EventType "team-swiss"]
[EventRounds "11"]
[EventCountry "GEO"]
[SourceTitle "Ajedrez en Madrid"]
[Source "lmi"]
[SourceDate "2018.09.24"]
[WhiteTeam "Colombia"]
[BlackTeam "China"]
[WhiteTeamCountry "COL"]
[BlackTeamCountry "CHN"]

1. d4 d5 2. c4 dxc4 3. Nf3 a6 4. e3 b5 5. a4 Bb7 6. axb5 axb5 7. Rxa8 Bxa8 8.
b3 e6 9. bxc4 bxc4 10. Bxc4 Nf6 11. O-O Nbd7 12. Nbd2 Be7 13. Qc2 O-O 14. Bb2
c5 15. h3 cxd4 16. Bxd4 Qc7 17. Qa2 Bd5 18. Bxd5 Nxd5 19. Qa1 Bf6 20. Rc1 Qb7
21. Bxf6 N7xf6 22. Qb1 Qxb1 23. Rxb1 Rc8 24. Rb7 h6 25. Ne5 Rc7 26. Rxc7 Nxc7
27. e4 Kf8 28. f3 Ke7 29. Kf2 Nd7 30. Nxd7 Kxd7 31. Ke3 1/2-1/2

[Event "43. Olimpiada Batumi 2018 Femenina"]
[Site "Batumi GEO"]
[Date "2018.09.25"]
[Round "2.1"]
[White "Cori T., Deysi"]
[Black "Saduakassova, Dinara"]
[Result "1/2-1/2"]
[WhiteElo "2391"]
[BlackElo "2474"]
[PlyCount "120"]
[EventDate "2018.09.24"]
[EventType "team-swiss"]
[EventRounds "11"]
[EventCountry "GEO"]
[SourceTitle "Ajedrez en Madrid"]
[Source "lmi"]
[SourceDate "2018.09.24"]
[WhiteTeam "Peru"]
[BlackTeam "Kazakhstan"]
[WhiteTeamCountry "PER"]
[BlackTeamCountry "KAZ"]

1. g3 c5 2. Bg2 Nc6 3. Nf3 g6 4. d4 cxd4 5. Nxd4 Bg7 6. Nxc6 dxc6 7. Qxd8+ Kxd8
8. Nd2 Kc7 9. Ne4 Bf5 10. Bf4+ e5 11. Bd2 Rd8 12. Ng5 Nh6 13. e4 Bc8 14. f4 f6
15. Nf3 Nf7 16. O-O-O Nd6 17. Rhe1 Nc4 18. Bc3 exf4 19. Rxd8 Rxd8 20. Bf1 Ne5
21. Nxe5 fxe5 22. gxf4 Rf8 23. fxe5 Re8 24. Bd3 Bxe5 25. Bxe5+ Rxe5 26. Re2 Kd6
27. Kd2 Rh5 28. Rf2 Be6 29. b3 a5 30. a4 Ke5 31. Kc3 Rh4 32. b4 axb4+ 33. Kxb4
b6 34. Kc3 c5 35. Rf1 Rh3 36. Rb1 c4 37. Rxb6 cxd3 38. cxd3 Bd7 39. a5 Rxh2 40.
a6 Ra2 41. Rb7 Bc8 42. Rxh7 Bxa6 43. Rg7 Kf6 44. Rd7 g5 45. Rd8 Kg7 46. e5 g4
47. e6 Bb5 48. Rd5 Ra3+ 49. Kb4 Rxd3 50. Rxb5 Kf6 51. Re5 Rd8 52. Re1 Re8 53.
Rf1+ Kxe6 54. Kc4 Rd8 55. Rf4 Rg8 56. Kd4 g3 57. Rf1 g2 58. Rg1 Kf5 59. Ke3
Re8+ 60. Kf3 Kf6 1/2-1/2

[Event "43. Olimpiada Batumi 2018 Femenina"]
[Site "Batumi GEO"]
[Date "2018.09.25"]
[Round "2.2"]
[White "Abdumalik, Zhansaya"]
[Black "Paredes Bustamante, Paula Elizab"]
[Result "0-1"]
[WhiteElo "2482"]
[BlackElo "2151"]
[PlyCount "154"]
[EventDate "2018.09.24"]
[EventType "team-swiss"]
[EventRounds "11"]
[EventCountry "GEO"]
[SourceTitle "Ajedrez en Madrid"]
[Source "lmi"]
[SourceDate "2018.09.24"]
[WhiteTeam "Kazakhstan"]
[BlackTeam "Peru"]
[WhiteTeamCountry "KAZ"]
[BlackTeamCountry "PER"]

1. e4 e5 2. Nf3 Nc6 3. Bb5 Nf6 4. d3 Bc5 5. c3 d6 6. O-O O-O 7. h3 h6 8. Re1
Bb6 9. Nbd2 a6 10. Ba4 Re8 11. Nf1 d5 12. exd5 Qxd5 13. Ng3 Bd7 14. b4 Qd6 15.
a3 Nd5 16. Ne4 Qg6 17. Nh4 Qh7 18. c4 Nde7 19. c5 Ba7 20. Qh5 Nd5 21. Bd2 Rad8
22. Rad1 a5 23. Rb1 axb4 24. axb4 Nd4 25. Bxd7 Rxd7 26. Qd1 Bb8 27. b5 f5 28.
Nc3 Nf6 29. Ra1 g5 30. Nf3 Nxf3+ 31. Qxf3 e4 32. Nxe4 Nxe4 33. Bc3 Qg6 34. dxe4
fxe4 35. Qe2 c6 36. Qb2 Rd5 37. bxc6 bxc6 38. Ra4 g4 39. hxg4 Qxg4 40. Rb4 Rg5
41. Qa2+ Kf8 42. f4 Bxf4 43. Qf2 Rf5 44. Qd4 Be5 45. Qd2 Qf4 46. Qxf4 Rxf4 47.
Bxe5 Rxe5 48. Rc4 Ke7 49. Kh2 Rg4 50. Kh3 h5 51. Re2 Ke6 52. Rc3 Rd5 53. Kh2
Rd4 54. Rh3 h4 55. Rc3 Kd5 56. Rf2 Rd3 57. Rcc2 e3 58. Rf5+ Kd4 59. Rf6 Rc3 60.
Rd6+ Kc4 61. Re2 Kxc5 62. Re6 Kd4 63. Rd6+ Ke5 64. Rd8 Re4 65. Kh3 c5 66. g3
hxg3 67. Kxg3 Rc1 68. Re8+ Kd4 69. Rd8+ Kc3 70. Kf3 Re7 71. Ra8 Rf1+ 72. Kg2
Rf6 73. Ra3+ Kd4 74. Raa2 Rg7+ 75. Kh1 Rh6+ 76. Rh2 Rxh2+ 77. Kxh2 c4 0-1

[Event "43. Olimpiada Batumi 2018 Femenina"]
[Site "Batumi GEO"]
[Date "2018.09.25"]
[Round "2.3"]
[White "Zarate Oyague, Flor De Maria"]
[Black "Dauletova, Gulmira"]
[Result "0-1"]
[WhiteElo "2039"]
[BlackElo "2263"]
[PlyCount "108"]
[EventDate "2018.09.24"]
[EventType "team-swiss"]
[EventRounds "11"]
[EventCountry "GEO"]
[SourceTitle "Ajedrez en Madrid"]
[Source "lmi"]
[SourceDate "2018.09.24"]
[WhiteTeam "Peru"]
[BlackTeam "Kazakhstan"]
[WhiteTeamCountry "PER"]
[BlackTeamCountry "KAZ"]

1. d4 Nf6 2. c4 e6 3. Nc3 Bb4 4. Qc2 O-O 5. a3 Bxc3+ 6. Qxc3 d5 7. Nf3 dxc4 8.
Qxc4 b6 9. Bg5 Ba6 10. Qa4 h6 11. Bh4 c5 12. dxc5 bxc5 13. Rc1 Qb6 14. Bxf6
gxf6 15. Rc2 c4 16. e3 Bb5 17. Qb4 Rc8 18. Be2 Na6 19. Qc3 Ba4 20. Rc1 Rab8 21.
O-O Qxb2 22. Qxb2 Rxb2 23. Bxc4 Nc5 24. Nd4 Ne4 25. Ba6 Rxc1 26. Rxc1 Nxf2 27.
Rc8+ Kg7 28. Rc7 Kg6 29. Rxa7 Bd1 30. h3 f5 31. Nc6 Kf6 32. Nd8 Bh5 33. Rb7 Rd2
34. Nc6 Ne4 35. Rb1 Ra2 36. Bd3 Nc5 37. Bc4 Rxa3 38. Re1 Rc3 39. Bb5 Ne4 40.
Nd4 e5 41. Nf3 Ke6 42. Bf1 f6 43. Bb5 Nd6 44. Ba6 Be8 45. Kf2 Bc6 46. Kg1 Bd5
47. Bf1 Ne4 48. Kh2 Ra3 49. h4 Nf2 50. Rb1 Ng4+ 51. Kg1 Nxe3 52. Ne1 Nxf1 53.
Kxf1 f4 54. Rb6+ Kf5 0-1

[Event "43. Olimpiada Batumi 2018 Femenina"]
[Site "Batumi GEO"]
[Date "2018.09.25"]
[Round "2.4"]
[White "Serikbay, Assel"]
[Black "Chumpitaz, Ann"]
[Result "1/2-1/2"]
[WhiteElo "2125"]
[BlackElo "2222"]
[PlyCount "195"]
[EventDate "2018.09.24"]
[EventType "team-swiss"]
[EventRounds "11"]
[EventCountry "GEO"]
[SourceTitle "Ajedrez en Madrid"]
[Source "lmi"]
[SourceDate "2018.09.24"]
[WhiteTeam "Kazakhstan"]
[BlackTeam "Peru"]
[WhiteTeamCountry "KAZ"]
[BlackTeamCountry "PER"]

1. d4 Nf6 2. Nf3 g6 3. g3 Bg7 4. Bg2 O-O 5. c4 d5 6. cxd5 Nxd5 7. O-O Nb6 8.
Nc3 Nc6 9. d5 Na5 10. Qc2 Nxd5 11. Rd1 c6 12. e4 Nb4 13. Qa4 Qb6 14. Be3 c5 15.
a3 Nbc6 16. e5 Be6 17. b4 Bb3 18. bxa5 Bxa4 19. axb6 Bxd1 20. Rxd1 axb6 21. a4
Rfd8 22. Rb1 Rd3 23. Rc1 Nxe5 24. Nxe5 Bxe5 25. Nd5 Rxa4 26. Nxb6 Ra1 27. Rxa1
Bxa1 28. Bxb7 Bd4 29. Be4 Rd1+ 30. Kg2 Bxe3 31. fxe3 Rc1 32. Kf2 e6 33. Bd3 Rh1
34. h4 Rh2+ 35. Kf3 Rd2 36. Be2 e5 37. e4 Rc2 38. Nd7 f5 39. Nxe5 fxe4+ 40. Ke3
Rc3+ 41. Kf4 Kg7 42. g4 Rh3 43. Kxe4 Rxh4 44. Kd5 Kf6 45. Nd7+ Kg5 46. Nxc5 Rh2
47. Ne6+ Kh4 48. Nd4 Kg3 49. Ke4 Rf2 50. Bd1 Rd2 51. Be2 Ra2 52. Bd1 Ra5 53.
Be2 Kf2 54. Bc4 Ra4 55. Bf7 Kg3 56. Be6 h5 57. gxh5 gxh5 58. Ke3 h4 59. Ne2+
Kh2 60. Nf4 Ra6 61. Kf2 Ra8 62. Kf3 Re8 63. Kf2 Rf8 64. Kf3 Rf6 65. Bg4 Rf8 66.
Be6 Rf6 67. Bg4 Rf7 68. Be6 Rg7 69. Bg4 Rg8 70. Be6 Rg3+ 71. Kf2 Rg7 72. Kf3
Kg1 73. Ne2+ Kf1 74. Nf4 Rg3+ 75. Ke4 Kf2 76. Nh3+ Kg2 77. Nf4+ Kh2 78. Bf5 Ra3
79. Be6 Kg3 80. Nh5+ Kf2 81. Nf4 Ra4+ 82. Ke5 Kf3 83. Nh3 Ra5+ 84. Kf6 Kg3 85.
Ng5 Ra4 86. Ke5 Ra5+ 87. Kf6 Ra1 88. Ke5 Re1+ 89. Kf6 Rf1+ 90. Ke5 Re1+ 91. Kf6
Re3 92. Bf5 Re2 93. Be6 Re3 94. Bf5 Rb3 95. Be6 Rb5 96. Bf5 h3 97. Nxh3 Rxf5+
98. Kxf5 1/2-1/2